Digital Signal Processing / (Record no. 17447)
[ view plain ]
| 000 -LEADER | |
|---|---|
| fixed length control field | 00828 am a2200253 a 4500 |
| 001 - CONTROL NUMBER | |
| control field | 015325573 |
| 003 - CONTROL NUMBER IDENTIFIER | |
| control field | Uk |
| 005 - DATE AND TIME OF LATEST TRANSACTION | |
| control field | 20130508134327.0 |
| 008 - FIXED-LENGTH DATA ELEMENTS--GENERAL INFORMATION | |
| fixed length control field | 090708s2007 njud b 001 0 eng |
| 020 ## - INTERNATIONAL STANDARD BOOK NUMBER | |
| International Standard Book Number | 0132287315 (pbk.) |
| 020 ## - INTERNATIONAL STANDARD BOOK NUMBER | |
| International Standard Book Number | 9780132287319 (pbk) |
| 082 00 - DEWEY DECIMAL CLASSIFICATION NUMBER | |
| Classification number | 621.3822 |
| Edition number | 22 |
| Item number | PRO |
| 100 1# - MAIN ENTRY--PERSONAL NAME | |
| Personal name | Proakis, John G. |
| 9 (RLIN) | 33146 |
| 245 10 - TITLE STATEMENT | |
| Title | Digital Signal Processing / |
| Statement of responsibility, etc | John G. Proakis, Dimitris G. Manolakis. |
| 250 ## - EDITION STATEMENT | |
| Edition statement | international ed., 4th ed. |
| 260 ## - PUBLICATION, DISTRIBUTION, ETC. (IMPRINT) | |
| Place of publication, distribution, etc | Upper Saddle River, N.J. : |
| Name of publisher, distributor, etc | Pearson Prentice Hall ;, |
| Date of publication, distribution, etc | c2007. |
| 300 ## - PHYSICAL DESCRIPTION | |
| Extent | xi, 948 p. : |
| Other physical details | charts ; |
| Dimensions | 25 cm. |
| 500 ## - GENERAL NOTE | |
| General note | Title from cover. |
| 504 ## - BIBLIOGRAPHY, ETC. NOTE | |
| Bibliography, etc | Includes bibliographical references and index. |
| 650 #0 - SUBJECT ADDED ENTRY--TOPICAL TERM | |
| Topical term or geographic name as entry element | Signal processing |
| General subdivision | Digital techniques. |
| 9 (RLIN) | 33147 |
| 653 ## - INDEX TERM--UNCONTROLLED | |
| Resource For college | |
| Arrived date list | May2013 |
| 700 1# - ADDED ENTRY--PERSONAL NAME | |
| Personal name | Manolakis, Dimitris G. |
| 9 (RLIN) | 33148 |
| 942 ## - ADDED ENTRY ELEMENTS (KOHA) | |
| Source of classification or shelving scheme | Dewey Decimal Classification |
| Item type | Book - Borrowing |
| Withdrawn status | Item status | Source of classification or shelving scheme | Damaged status | Not for loan | Vendor | Home library | Current library | Shelving location | Date acquired | Source of acquisition | Cost, normal purchase price | Serial Enumeration / chronology | Total Checkouts | Total Renewals | Full call number | Barcode | Date last seen | Date last borrowed | Cost, replacement price | Koha item type |
|---|---|---|---|---|---|---|---|---|---|---|---|---|---|---|---|---|---|---|---|---|
| Dewey Decimal Classification | Baccah | Central Library | Central Library | First floor | 08/05/2013 | 250.00 | 17664 | 4 | 17 | 621.3822 PRO | 000028710 | 15/07/2025 | 14/10/2021 | 315.00 | Book - Borrowing | |||||
| Dewey Decimal Classification | Baccah | Central Library | Central Library | First floor | 08/05/2013 | 250.00 | 17664 | 2 | 4 | 621.3822 PRO | 000028711 | 15/07/2025 | 12/01/2022 | 315.00 | Book - Borrowing |